000
00231nam a22000857a 4500
008
160712b xxu||||| |||| 00| 0 eng d
100
_9
2644
_a
Majumbar, N.N
245
_a
Some Indian Birds
260
_a
New Delhi
_b
National Book Trust
_c
2004
999
_c
2297
_d
2297